Di sản thế giới : ( Văn hóa - Tự nhiên - Hỗn hợp )

محفوظ في:
التفاصيل البيبلوغرافية
التنسيق: كتاب
اللغة:Undetermined
منشور في: Thành phố Hồ Chí Minh Trẻ 2004
الموضوعات:
الوسوم: إضافة وسم
لا توجد وسوم, كن أول من يضع وسما على هذه التسجيلة!
Thư viện lưu trữ: Trung tâm Học liệu Trường Đại học Cần Thơ
LEADER 00623nam a2200205Ia 4500
001 CTU_64326
008 210402s9999 xx 000 0 und d
020 |b 31500 
082 |a 910 
082 |b D300/T.6 
245 0 |a Di sản thế giới : 
245 0 |b ( Văn hóa - Tự nhiên - Hỗn hợp ) 
245 0 |c Bùi Đẹp ( biên soạn ) 
260 |a Thành phố Hồ Chí Minh 
260 |b Trẻ 
260 |c 2004 
650 |a Architecture,Monuments,Geographical 
650 |x Aesthetics 
904 |i Minh, Qhieu đã sửa 
980 |a Trung tâm Học liệu Trường Đại học Cần Thơ